000 00658nam a2200265Ia 4500
005 20260121170330.0
008 008 260114s9999 xx 000 0 eng d
020 _a9783319725659
037 _aEBOOK
040 _aCRL
040 _beng
040 _cCRL
041 _2eng
041 _aeng
084 _qCRL
100 _aCarlisle Adams, Jan Camenisch
_91062594
245 0 _aSelected Areas in Cryptography – SAC 2017
260 _bSpringer
260 _bSpringer
260 _c2018
856 _uhttps://link.springer.com/openurl?genre=book&isbn=978-3-319-72565-9
942 _cEBOOK
999 _c1628323
_d1628323